000 01024cam a22001934a 4500
005 20250605164030.0
008 250528s ||||||||||||||||||||||||d
035 _a16602
020 _a273032763
040 _aGR-AtMCL
_bgre
_dGR-AtMCL
_eAACR2
245 1 _aQuantitative Methods / A Distance Learning Programme: Module 1-11
250 _a1st
260 _bFt Prentice Hall,
_c2000
520 _aIntroduction and Background, Introducing Statistics: Some Simple Uses and Misuses, Basic Mathematics: School Marhematics Applied to Management, Handling Numbers, Data Communication, Data Analysis, Summary Measures, Sampling Methods, Statistical Methods, Distributions, Statistical Inference, More Distributions, Analysis of Variance, Statistical Relationships, Regression and Correlation, Advanced Regression Analysis, Business forecating, The Context of Forecasting, Time Series Techniques, Managing Forecasts, Appendices, Index.
700 1 _aTargett David
_91152
942 _cBK
999 _c2084
_d2084